000 00406nam a2200181Ia 4500
008 090123s9999 xx 000 0 und d
082 _b35593
100 _aENID BLYTON
245 _aTALES OF BESTY-MAY
250 _a0
260 _bDRAGON BOOK
300 _a108
600 _aENID BLYTON
630 _aTALES OF BESTY-MAY
700 _aENID BLYTON
730 _aTALES OF BESTY-MAY
942 _cBOOK
999 _c73660
_d73660